Cấu tạo chất đại cương

Enregistré dans:
Détails bibliographiques
Auteur principal: Lâm Ngọc Thiềm
Format: Livre
Langue:Vietnamese
Publié: H. Đại học quốc gia Hà Nội 2001
Tags: Ajouter un tag
Pas de tags, Soyez le premier à ajouter un tag!
Thư viện lưu trữ: Mạng thư viện Đại học Đà Nẵng
LEADER 00877nam a2200265 4500
001 000008633
003 4825
005 20111025071035.0
008 111019s2001 viesd
041 0 |a vie 
082 |a 541.2  |b LÂ-T 
100 0 |a Lâm Ngọc Thiềm 
245 0 |a Cấu tạo chất đại cương  |c Lâm Ngọc Thiềm 
260 |a H.  |b Đại học quốc gia Hà Nội  |c 2001 
300 |a 263tr.  |c 19 cm 
OWN |a LSP 
AVA |a UDN50  |b LSP  |d 541.2 LÂ-T  |e unavailable  |t Error 5002 Not defined in file expand_doc_bib_avail.  |f 1  |g 1  |h N  |i 0  |k 1 
999 |a From the UDN01 
AVA |a UDN50  |b LSP  |d 541.2 LÂ-T  |e unavailable  |t Error 5002 Not defined in file expand_doc_bib_avail.  |f 1  |g 1  |h N  |i 0  |k 1 
TYP |a Monograph 
TYP |a Printed language 
980 |a Mạng thư viện Đại học Đà Nẵng